|
|
|
|
| LEADER |
00000nam a2200000 i 4500 |
| 001 |
1/70362 |
| 008 |
050125s2002 eng d |
| 020 |
|
|
|a 3-540-42686-8 (hbk.)
|
| 035 |
|
|
|l 10076203
|
| 040 |
|
|
|a GR-MY-UA
|b gre
|e aacr
|
| 041 |
0 |
|
|a eng
|
| 082 |
0 |
|
|a 006.32
|2 (21)
|
| 100 |
1 |
|
|a Harris, C.J.
|q (Christopher John)
|
| 245 |
1 |
0 |
|a Adaptive modelling, estimation and fusion from data :
|b a neurofuzzy approach /
|c Chris Harris; Xia Hong; Qiang Gan
|
| 260 |
|
|
|a Berlin :
|b Springer,
|c c2002
|
| 300 |
|
|
|a xvi, 323 σ.;
|b πίν.;
|c 23 εκ.
|
| 500 |
|
|
|a With 159 figures
|
| 504 |
|
|
|a Περιλαμβάνει βιβλιογραφικές αναφορές και ευρετήριο
|
| 650 |
0 |
0 |
|a Neural networks (Computer science)
|
| 650 |
0 |
0 |
|a Fuzzy logic.
|
| 650 |
0 |
0 |
|a Multisensor data fusion.
|
| 700 |
1 |
|
|a Hong, Xia
|d 1965-
|
| 700 |
1 |
|
|a Gan, Qiang
|d 1962-
|
| 852 |
|
|
|a INST
|b CHIOS
|e 20050125
|h 006.32 HAR
|p 005200022578
|q 005200022578
|t BK
|y 0
|
| 901 |
|
|
|a BIBL2-2005-1
|
| 909 |
|
|
|a Χ
|b 112367
|
| 920 |
|
|
|a ΔΙΕΥΡΥΝΣΗ
|b ΕΠΕΑΕΚ/ΤΜΟΔ
|y ΧΙΟΣ
|z 2004-12
|
| 970 |
|
|
|a ΣΑΛΑΜΟΥΡΑ
|b ΜΑΡΙΑ
|z 2005/01/25
|